| 000 | 00706nam a2200229 4500 | ||
|---|---|---|---|
| 001 | 12690 | ||
| 003 | ES-MaACL | ||
| 005 | 20230906150356.0 | ||
| 007 | t| | ||
| 008 | 000000s1982 sp a ||||0| spa d | ||
| 020 | _a84-7232-291-2 | ||
| 040 |
_aIBH _bspa _cM-BN-DP |
||
| 080 | _a860(72)-14"19" | ||
| 100 | 1 |
_aGutiérrez Vega, Hugo. _961235 |
|
| 245 | 1 | 0 |
_aMeridiano 8-0 / _cHugo Gutiérrez Vega. |
| 260 |
_aMadrid : _bCultura Hispánica, _c1982. |
||
| 300 |
_a131 p. : _bil. col. ; _c21 cm. |
||
| 490 | 1 |
_aPoesía de España y América. La encina y el mar ; _v61 |
|
| 830 | 1 |
_aPoesía de España y América. La encina y el mar ; _v61 _9179340 |
|
| 852 |
_aES-MaACL _jL-20092 |
||
| 999 |
_c12690 _d12690 |
||